| Tag |
First Indicator |
Second Indicator |
Subfields |
| LEADER |
00000nam a2200000Ia 4500 |
| 001 |
in00004242000 |
| 005 |
20200807091700.0 |
| 006 |
m g d |
| 007 |
cr bn |||a|bb| |
| 008 |
840123s1659 enk o 00| | eng d |
| 035 |
|
|
|a (OCoLC)10329729
|
| 040 |
|
|
|a UMI
|c UMI
|d WaOLN
|
| 037 |
|
|
|a CL0037000047
|b ProQuest Information and Learning. 300 N. Zeeb Rd., Ann Arbor, MI 48106
|
| 049 |
|
|
|a UMIA
|
| 090 |
|
|
|a BX7732
|b .F69
|
| 100 |
1 |
|
|a Fox, George,
|d d. 1661.
|
| 245 |
1 |
3 |
|a An exhortation to families who have desires to serve the Lord God in their several places :
|b that they may all learn in the light of Christ Jesus, the wisdome and power of God, who is the true teacher.
|
| 260 |
|
|
|a [London? :
|b publisher not identified,
|c 1659?]
|
| 300 |
|
|
|a 1 online resource (1 broadside.
|
| 336 |
|
|
|a text
|b txt
|2 rdacontent
|
| 337 |
|
|
|a computer
|b c
|2 rdamedia
|
| 338 |
|
|
|a online resource
|b cr
|2 rdacarrier
|
| 500 |
|
|
|a Signed: By George Fox, the younger in the truth.
|
| 500 |
|
|
|a Reproduction of original in the Huntington Library.
|
| 510 |
4 |
|
|a Wing
|c F2001.
|
| 533 |
|
|
|a Electronic reproduction.
|b Ann Arbor, Mich. :
|c UMI,
|d 1999-
|f (Early English books online)
|n Digital version of: (Early English books, 1641-1700 ; 1384:37)
|7 s1999 miun s
|
| 650 |
|
0 |
|a Conduct of life.
|
| 650 |
|
0 |
|a Society of Friends
|v Pastoral letters and charges.
|
| 830 |
|
0 |
|a Early English books online.
|
| 856 |
4 |
0 |
|u http://proxy.library.tamu.edu/login?url=https://search.proquest.com/docview/2248508804
|z Connect to the full text of this electronic book
|t 0
|
| 999 |
f |
f |
|s b0bf4871-0e82-3df6-b87a-7373242c6bf1
|i 65b80cc8-ed05-336d-bcc9-88a158816843
|t 0
|
| 952 |
f |
f |
|a Texas A&M University
|b College Station
|c Electronic Resources
|d Available Online
|t 0
|e BX7732 .F69
|h Library of Congress classification
|
| 998 |
f |
f |
|a BX7732 .F69
|t 0
|l Available Online
|